000 00353nam a2200181Ia 4500
100 _aLee/J.D
650 _aChemistry
250 _a5
942 _cBK
366 _f20
654 _ainorganic chemistry
245 _aConcise Inorganic chemistry
260 _bWiley
_c1996
082 _bLEE
300 _a1032
546 _aENGLISH
999 _c33599
_d33599